000 01038nmm a2200421 a 4500
003 AR-BaBNM
005 20251128203903.0
008 207019s1960 ||||||||||||||000 | spa||
040 _cAR-BaBNM
100 1 _aGrant, Michael
245 1 0 _aEl mundo romano
260 _aMadrid
_bGuadarrama
_c1960
300 0 _a397 p.
_bil., mapas, láms.
500 0 _aContiene índice de nombres y de materias p. 389-397
600 1 4 _aCicerón, Marco Tulio
600 0 4 _aAugusto
_d63 a.C.-14 d.C.
600 0 4 _aAristóteles
600 0 4 _aConstantino
_d[ca.280-337]
600 0 4 _aJuliano
600 0 4 _aGayo
600 0 4 _aPlatón
650 4 _aSOCIEDAD
650 4 _aECONOMIA
650 4 _aDERECHO
650 4 _aHISTORIA DEL DERECHO
650 4 _aESCLAVITUD
650 4 _aIMPERIO
650 4 _aRELIGION
650 4 _aARQUITECTURA
650 4 _aESCULTURA
650 4 _aPINTURA
650 4 _aFILOSOFIA
650 4 _aLITERATURA
651 4 _aItalia
700 1 _aGil, Luis
_etraductor
942 _cBK
998 _cmariana
999 _c5339
_d5339